Procesos creativos para la construcción de textos: interpretación y composición
Sparad:
| Huvudupphovsman: | |
|---|---|
| Materialtyp: | Bok |
| Språk: | spanska |
| Publicerad: |
Bogotá
Magisterio
1996
|
| Serie: | Colección Aula Abierta
|
| Ämnen: | |
| Taggar: |
Lägg till en tagg
Inga taggar, Lägg till första taggen!
|
MARC
| LEADER | 00000nam a2200000 a 4500 | ||
|---|---|---|---|
| 001 | UCS2990 | ||
| 003 | CL-VaPUC | ||
| 008 | 970611e19960000CK |||||||||||||||||spa|d | ||
| 020 | |a 9582002573 | ||
| 082 | 0 | 4 | |a 372.623 |b FRI |2 21 |
| 100 | 0 | |a Frías Navarro, Matilde |e author |9 388934 | |
| 245 | 1 | 0 | |a Procesos creativos para la construcción de textos: interpretación y composición |
| 300 | |a 288 p | ||
| 942 | |c BK | ||
| 945 | |d 19970611 00:00:00 |a amoreno | ||
| 260 | |a Bogotá |b Magisterio |c 1996 | ||
| 500 | |a Item procesado según datos de la cubierta | ||
| 650 | 0 | |a Textos |9 388935 | |
| 650 | 7 | |a PARRAFO |2 CL-VaPUC |9 388936 | |
| 650 | 0 | |a Oración |9 313348 | |
| 650 | 0 | |a Argumento |9 388937 | |
| 650 | 0 | |a Ensayo |9 368802 | |
| 650 | 7 | |a GENERACION Y CREACION DE TEXTOS |2 CL-VaPUC |9 388938 | |
| 583 | |a last modification |c 19970611 00:00:00 |k Rodrigo Vera | ||
| 490 | 0 | |a Colección Aula Abierta | |
| 999 | |c 260862 |d 260860 | ||
| 952 | |0 0 |1 0 |4 0 |6 372_623000000000000_FRI_1996 |7 0 |8 A |9 287470 |a BIBCUR |b BIBCUR |d 2019-11-19 |i 3299414 |o 372.623 FRI 1996 |p 3299414 |r 2025-04-22 |w 2019-11-19 |y BK |k PER | ||
| 952 | |0 0 |1 0 |4 0 |6 372_623000000000000_FRI_1996 |7 0 |8 A |9 287471 |a BIBEDU |b BIBEDU |d 2019-11-19 |i 3444961 |o 372.623 FRI 1996 |p 3444961 |r 2019-11-19 |w 2019-11-19 |y BK |k EPE | ||
| 952 | |0 0 |1 0 |4 0 |6 372_623000000000000_FRI_1996 |7 0 |8 A |9 287472 |a FDOPOS |b FDOPOS |d 2019-11-19 |i 3684113 |o 372.623 FRI 1996 |p 3684113 |r 2025-01-22 |w 2019-11-19 |y BK |k MLA | ||